=LDR 00000nam 2200000 4500 =001 INLIS000000000007729 =005 20130612095700 =008 ***********************************Ind** =035 ##$$0010-061300000007729 =041 ##$$a Ind =082 ##$$a 784 =090 ##$$a 784, Tan l =100 ##$$a TANUKUSUMA, B =245 ##$$a Lagu-lagu Aransemen Angklung, B. Tanukusuma =260 ##$$a 1994 $b Jakarta =300 ##$$a 131 hlm., ilus., 28 cm =650 ##$$a Nyanyian - Instrumen